000
00283nam a22001337a 4500
008
171016b xxu||||| |||| 00| 0 eng d
020
_a
0674805836
041
_a
eng
080
_a
33
100
_a
52
101
_a
ECO
245
_a
SHRAE ECONOMY
_c
WEITZMAN.M.L
942
_2
udc
_c
BK
999
_c
34026
_d
34026